| 000 | 00531 a2200205 4500 | ||
|---|---|---|---|
| 005 | 20240304162508.0 | ||
| 008 | 240301b |||||||| |||| 00| 0 eng d | ||
| 020 |
_a9789356932883 _cRs. 1575.00 |
||
| 040 | _aMAIN | ||
| 082 |
_a658.3 _bM311H |
||
| 100 | _aMamoria, C B | ||
| 245 | _aHuman resource management | ||
| 260 |
_bHimalaya Publishing House _c2023 _aMumbai |
||
| 300 | _a671 | ||
| 650 | _aManagement | ||
| 650 | _aHuman Resource Management | ||
| 700 | _aRao, V S P | ||
| 700 | _aShrivastava, Archana | ||
| 942 | _cBK | ||
| 999 |
_c309895 _d309895 |
||